[Event "ch-ROU w 2017"]
[Site "masterchessopen.com Calimanesti-Caciulata ROU"]
[Date "2017.03.31"]
[Round "7.8"]
[White "Ciocan,Maria-Alexandra"]
[Black "Aciu,Malina-Andreea"]
[Result "0-1"]
[WhiteElo "1897"]
[BlackElo "1893"]

1.e4 c5 2.Nc3 e6 3.f4 Nc6 4.Nf3 Nge7 5.d4 cxd4 6.Nxd4 Nxd4 7.Qxd4 Nc6 8.Qf2 d5
9.exd5 exd5 10.Bd3 Be7 11.O-O O-O 12.a3 Bf6 13.Qf3 Ne7 14.Kh1 a6 15.Rd1 Qc7
16.Nxd5 Nxd5 17.Qxd5 Bg4 18.Rf1 Rfe8 19.Rb1 Rad8 20.Qb3 Be6 21.Qa4 Bd7 22.Qb3
Be6 23.Qa4 Bd7 24.Qb4 a5 25.Qb3 a4 26.Qb4 Bc6 27.Bd2 Qd7 28.f5 Bd4 29.Rfe1 Qd5
30.Bf1 Bc5 31.Rxe8+ Rxe8 32.Qf4 Re2 33.Qb8+ Bf8 34.Bb4 Re8 35.Qf4 Bxb4 36.axb4
Qa2 37.Rd1 Qxb2 38.Bd3 a3 39.Qh4 a2 40.f6 g6 41.Qh6 Qxf6 42.Qc1 Rd8 43.Rf1 Qc3
44.b5 Bd5 45.Qa1 Qd2 46.Rg1 Re8 47.Qf1 Re1 {#R} 0-1

[Event "ch-ROU w 2017"]
[Site "masterchessopen.com Calimanesti-Caciulata ROU"]
[Date "2017.03.31"]
[Round "7.9"]
[White "Panainte,Andreea-Bianca"]
[Black "Firaru,R"]
[Result "1-0"]
[WhiteElo "1850"]
[BlackElo "1835"]

1.e4 e5 2.Nf3 Nc6 3.Bc4 Bc5 4.c3 Nf6 5.d4 exd4 6.e5 d5 7.Bb5 Ne4 8.cxd4 Bb6
9.Nc3 O-O 10.O-O Bg4 11.Bxc6 bxc6 12.Be3 f6 13.Nxe4 dxe4 14.Qb3+ Kh8 15.Nd2
Bxd4 16.exf6 Bxf6 17.Nxe4 Rb8 18.Qa4 Bxb2 19.Rab1 Be2 20.Rfe1 Bb5 21.Qxa7 Ra8
22.Qc5 Rxa2 23.Ng5 Ba3 24.Qc3 Qf6 25.Qb3 Rxf2 26.Bxf2 Qxf2+ 27.Kh1 Bf1 28.Qh3
h6 29.Ne4 Qf4 30.Qxa3 Be2 31.Ng3 Bc4 32.Re4 Qf7 33.Rxc4 {#r} 1-0

[Event "ch-ROU w 2017"]
[Site "masterchessopen.com Calimanesti-Caciulata ROU"]
[Date "2017.03.31"]
[Round "7.10"]
[White "Porcoleanu,D"]
[Black "Cristocea,Gabriela"]
[Result "1-0"]
[WhiteElo "1584"]
[BlackElo "1498"]

1.d4 Nf6 2.Nf3 e6 3.c4 b6 4.Nc3 Bb7 5.Bg5 Be7 6.e3 O-O 7.Be2 h6 8.Bxf6 Bxf6
9.O-O d6 10.Qd2 Nd7 11.d5 exd5 12.cxd5 Re8 13.Rac1 Ne5 14.Rfd1 a6 15.Ne4 Rc8
16.Ng3 Qe7 17.Rc2 Ng6 18.e4 Be5 19.Nxe5 Nxe5 20.f3 Red8 21.Nf5 Qf6 22.Nd4 b5
23.f4 Ng6 24.Bg4 Rb8 25.Rxc7 Bc8 26.Bxc8 Rdxc8 27.Rxc8+ Rxc8 28.g3 Qe7 29.Qd3
Nf8 30.Nc6 Qe8 31.Rc1 Nd7 32.Ne7+ Qxe7 33.Rxc8+ Kh7 34.e5+ g6 35.exd6 Qxd6
36.Qc3 f6 37.Qc6 Qxc6 38.dxc6 Nb6 39.Rb8 Nd5 40.Rb7+ Kg8 41.Rd7 Nb6 42.c7 {#r}
1-0

[Event "Chebanenko Rapid Open"]
[Site "masterchessopen.com Chisinau MDA"]
[Date "2017.03.31"]
[Round "1.2"]
[White "Bortnyk,Olexandr"]
[Black "Fingerov,D"]
[Result "1-0"]
[WhiteElo "2566"]
[BlackElo "2319"]
[EventType "swiss"]

1.d4 d5 2.Nc3 Nf6 3.Bf4 e6 4.Nb5 Na6 5.e3 Bb4+ 6.c3 Be7 7.a4 O-O 8.Bd3 c6
9.Na3 c5 10.Nb5 Ne4 11.Nf3 Bd7 12.Ne5 Bxb5 13.axb5 Nc7 14.O-O f6 15.Nf3 f5
16.dxc5 Bxc5 17.c4 Bd6 18.cxd5 Bxf4 19.exf4 Nxd5 20.g3 Qb6 21.Qe2 Rf6 22.Bxe4
fxe4 23.Qxe4 Qxb5 24.Ng5 g6 25.Qe5 Qb6 26.Rad1 h6 27.Nxe6 Qxe6 28.Rxd5 Qxe5
29.fxe5 Rb6 30.Rc1 Rxb2 31.Rc7 Rf8 32.e6 Rbxf2 33.e7 Rf1+ 34.Kg2 R1f2+ 35.Kh3
Re8 36.Rd8 Kf7 37.Rcc8 {#r} 1-0

[Event "Chebanenko Rapid Open"]
[Site "masterchessopen.com Chisinau MDA"]
[Date "2017.03.31"]
[Round "2.2"]
[White "Bernadskiy,V"]
[Black "Kovalev,De"]
[Result "1-0"]
[WhiteElo "2514"]
[BlackElo "2490"]
[EventType "swiss"]

1.e4 c6 2.Be2 d5 3.e5 c5 4.f4 Nc6 5.Nf3 Bf5 6.O-O e6 7.d3 Nh6 8.h3 f6 9.exf6
gxf6 10.Nh4 Bg6 11.Bh5 Ne7 12.Qe2 Qd7 13.f5 Nhxf5 14.Nxf5 exf5 15.Bf4 O-O-O
16.Bf3 Nc6 17.Nc3 Nd4 18.Qf2 Bf7 19.a4 a6 20.a5 Bd6 21.Na4 Qc7 22.Bxd6 Rxd6
23.Nb6+ Kb8 24.Bd1 Bg6 25.c3 Ne6 26.Bf3 Rhd8 27.b4 cxb4 28.cxb4 Qc3 29.Qa2
Qxb4 30.Kh1 Qd4 31.Rac1 f4 32.Qa3 Nc7 33.Rxc7 Qxd3 34.Qxd6 Qxf1+ {#r} 1-0

[Event "Chebanenko Rapid Open"]
[Site "masterchessopen.com Chisinau MDA"]
[Date "2017.03.31"]
[Round "3.1"]
[White "Vovk,Y"]
[Black "Bernadskiy,V"]
[Result "0-1"]
[WhiteElo "2609"]
[BlackElo "2514"]
[EventType "swiss"]

1.d4 d5 2.c4 e6 3.Nf3 Bb4+ 4.Bd2 a5 5.e3 Nf6 6.Nc3 O-O 7.Qc2 b6 8.cxd5 exd5
9.Bd3 Ba6 10.O-O Bxd3 11.Qxd3 Re8 12.Rac1 Nbd7 13.Rfd1 c6 14.Na4 Rc8 15.Qb3
Bd6 16.Rc2 Ne4 17.Nc3 Ndf6 18.Rdc1 Ng4 19.Be1 Ng5 20.Nxg5 Bxh2+ 21.Kf1 Qxg5
22.Qxb6 Rxe3 23.Ne2 Rce8 24.Qxc6 Qf5 25.Qb5 R3e6 26.Rc3 Ne3+ 27.Rxe3 Rxe3
28.Nc3 Bg3 {#R} 0-1

[Event "Chebanenko Rapid Open"]
[Site "masterchessopen.com Chisinau MDA"]
[Date "2017.03.31"]
[Round "3.2"]
[White "Soltanici,R"]
[Black "Postny,E"]
[Result "0-1"]
[WhiteElo "2393"]
[BlackElo "2606"]
[EventType "swiss"]

1.e4 e5 2.Nf3 Nc6 3.Bb5 a6 4.Ba4 Nf6 5.O-O Be7 6.Re1 b5 7.Bb3 d6 8.c3 Na5
9.Bc2 c5 10.d4 Qc7 11.Nbd2 O-O 12.h3 Be6 13.d5 Bd7 14.Nf1 c4 15.Ng3 g6 16.Bh6
Rfb8 17.Nh2 b4 18.f4 b3 19.axb3 cxb3 20.Bd3 Nb7 21.f5 Nc5 22.Bb1 Bb5 23.Qd2
Kh8 24.Nf3 a5 25.Kh2 a4 26.Ra3 Rc8 27.Ng5 Bf8 28.Nf3 Bxh6 29.Qxh6 Ng8 30.Qe3
Nd7 31.Bd3 Bxd3 32.Qxd3 Nb6 33.Nd2 Nf6 34.Rf1 Rf8 35.Qe3 Nbd7 36.Rfa1 Nc5
37.Rf1 Kg7 38.Kh1 h6 39.Nf3 Qa7 {#R} 0-1

[Event "Chebanenko Rapid Open"]
[Site "masterchessopen.com Chisinau MDA"]
[Date "2017.03.31"]
[Round "4.1"]
[White "Bernadskiy,V"]
[Black "Postny,E"]
[Result "0-1"]
[WhiteElo "2514"]
[BlackElo "2606"]
[EventType "swiss"]

1.c4 c6 2.d4 d5 3.cxd5 cxd5 4.Bf4 Nc6 5.e3 Nf6 6.Nc3 Bg4 7.f3 Bd7 8.Bd3 e6
9.g4 Bb4 10.Ne2 O-O 11.Qc2 Rc8 12.a3 Bxc3+ 13.bxc3 Kh8 14.h4 Qe7 15.Be5 Nxe5
16.dxe5 Ng8 17.Bxh7 Qc5 18.Bxg8 Kxg8 19.Qd2 f6 20.exf6 Rxf6 21.f4 e5 22.f5 Bb5
23.a4 Bxe2 24.Qxe2 d4 25.cxd4 exd4 26.O-O dxe3 27.Rad1 Re8 28.Rf4 Rd6 29.Rxd6
Qxd6 30.Rf3 Qd4 31.Rg3 Qd2 32.Rg2 Qc1+ 33.Kh2 Qc7+ 34.Kh3 Qf4 35.Rg3 Qe4
36.Kh2 Qxa4 37.Rg2 Qf4+ 38.Kh3 a5 39.Qa2+ Kh8 40.Qf7 Qf3+ 41.Kh2 Qe4 42.f6
Qe5+ 43.Kh3 gxf6 44.Qh5+ Qxh5 {#R} 0-1

[Event "Chebanenko Rapid Open"]
[Site "masterchessopen.com Chisinau MDA"]
[Date "2017.03.31"]
[Round "5.2"]
[White "Bortnyk,Olexandr"]
[Black "Komliakov,V"]
[Result "1-0"]
[WhiteElo "2566"]
[BlackElo "2394"]
[EventType "swiss"]

1.d4 d6 2.Nc3 c6 3.e4 Nf6 4.f4 g6 5.Nf3 Bg7 6.e5 Nd5 7.Nxd5 cxd5 8.Bd3 Nc6
9.O-O Bg4 10.c3 e6 11.Qb3 Rb8 12.Qa3 Bf8 13.Bb5 Bxf3 14.Rxf3 dxe5 15.Qxa7 e4
16.Rh3 Bd6 17.Qa4 Qc7 18.f5 gxf5 19.c4 Ke7 20.c5 Bf4 21.Bxf4 Qxf4 22.Bxc6 bxc6
23.Qxc6 Rxb2 24.Rf1 Qb8 25.Rb3 Rxb3 26.axb3 Kf6 27.Qa4 Qa8 28.Qb4 Rb8 29.Qc3
Qa2 30.c6 Rxb3 31.Qc1 e3 32.c7 Rb2 33.Qxb2 Qxb2 34.c8=Q e2 35.Qh8+ Kg6 36.Re1
Qd2 37.Qg8+ Kf6 38.Qg3 {#r} 1-0

[Event "ch-URU 2017"]
[Site "masterchessopen.com Montevideo URU"]
[Date "2017.03.31"]
[Round "7.2"]
[White "Carbone,D"]
[Black "Oddone,C"]
[Result "0-1"]
[WhiteElo "2149"]
[BlackElo "2239"]

1.c4 c5 2.g3 g6 3.Bg2 Bg7 4.Nc3 Nc6 5.Nf3 d6 6.O-O e6 7.a3 Nge7 8.Rb1 b6 9.d3
Bb7 10.Bg5 h6 11.Bd2 Qd7 12.b4 Rd8 13.Qc1 g5 14.b5 Ne5 15.Nxe5 dxe5 16.Ne4 O-O
17.Bc3 f5 18.Nxg5 Bxg2 19.Kxg2 hxg5 20.Qxg5 Rf6 21.Bxe5 Rg6 22.Qe3 Nd5 23.cxd5
Qxd5+ 24.Kg1 Bxe5 25.a4 f4 26.Qc1 Rf8 {#R} 0-1

[Event "ch-URU 2017"]
[Site "masterchessopen.com Montevideo URU"]
[Date "2017.03.31"]
[Round "7.4"]
[White "Ulaneo,N"]
[Black "Kimelman,Gabriel"]
[Result "0-1"]
[WhiteElo "2167"]
[BlackElo "2181"]

1.e4 e6 2.d3 d5 3.Nd2 c5 4.Ngf3 Nc6 5.g3 g6 6.Bg2 Bg7 7.O-O Nge7 8.Re1 O-O
9.e5 Qc7 10.Qe2 g5 11.Nxg5 Qxe5 12.Qxe5 Nxe5 13.Nb3 c4 14.dxc4 Nxc4 15.c3 Bd7
16.Nd2 Nb6 17.f4 Rac8 18.Ngf3 Nc6 19.Ne5 Nxe5 20.fxe5 Bb5 21.Nf3 Bd3 22.Bf4
Nc4 23.Rad1 Bg6 24.Re2 h6 25.Nd4 Rc5 26.Bf3 a5 27.Rde1 Rb8 28.h4 b5 29.h5 Bd3
30.Rg2 b4 31.b3 Na3 32.c4 dxc4 33.Nc6 Rb6 34.Ne7+ Kf8 35.Be3 Rxe5 36.Nc6 Rxc6
37.Bxc6 Rxe3 38.Rxe3 Bd4 39.Kf2 Nc2 40.Kf3 Nxe3 41.Rg1 c3 42.Be4 Bxe4+ 43.Kxe4
c2 {#R} 0-1

[Event "ch-URU 2017"]
[Site "masterchessopen.com Montevideo URU"]
[Date "2017.03.31"]
[Round "7.5"]
[White "Benoit,Rodrigo"]
[Black "Saralegui,M"]
[Result "1-0"]
[WhiteElo "2114"]
[BlackElo "2111"]

1.c4 e6 2.g3 d5 3.d4 Nf6 4.Bg2 c5 5.cxd5 exd5 6.Nf3 Nc6 7.O-O Be7 8.Nc3 O-O
9.Bf4 c4 10.Ne5 Bf5 11.h3 h6 12.Rc1 Rc8 13.Kh2 Qa5 14.Bd2 Qd8 15.Nxd5 Nxd5
16.e4 Be6 17.exd5 Bxd5 18.Bxd5 Qxd5 19.Nxc4 Nxd4 20.Ne3 Nf3+ 21.Kg2 Qxd2
22.Rxc8 Rxc8 23.Qxf3 Qxb2 24.Nf5 Qb4 25.Rb1 Qc5 26.Rb5 Qa3 27.Qg4 Rc6 28.Qxg7#
1-0

[Event "ch-USA 2017"]
[Site "masterchessopen.com Saint Louis USA"]
[Date "2017.04.01"]
[Round "4.1"]
[White "So,W"]
[Black "Onischuk,Al"]
[Result "1-0"]
[WhiteElo "2822"]
[BlackElo "2667"]

1.Nf3 d5 2.g3 Nf6 3.Bg2 e6 4.O-O Be7 5.c4 O-O 6.b3 b6 7.Bb2 Bb7 8.cxd5 Nxd5
9.d4 Nd7 10.Re1 c5 11.e4 N5f6 12.Nc3 cxd4 13.Nxd4 Ne5 14.Qe2 Bc5 15.Red1 Qe7
16.Na4 Bxd4 17.Bxd4 Nc6 18.Be3 Rfd8 19.Nc3 Qb4 20.Qb2 Ng4 21.Bf4 Nce5 22.a3
Qc5 23.Na4 Qb5 24.Nc3 Qc5 25.Na4 Qb5 26.h3 Nd3 27.Rxd3 Rxd3 28.hxg4 Qxb3
29.Bf1 Qxb2 30.Nxb2 Rb3 31.Nc4 Rd8 32.Nd6 Ba8 33.g5 Rc3 34.a4 Rc5 35.e5 Rd7
36.Be3 Rxe5 37.Rc1 Rd8 38.Rc7 Rd5 39.Nxf7 Rf8 40.g6 hxg6 41.Ng5 Rd1 42.Nxe6
Re8 43.Rxg7+ Kh8 44.Rxg6 Be4 45.Bd4+ {#r} 1-0

[Event "ch-Moscow Final 2017"]
[Site "masterchessopen.com Moscow RUS"]
[Date "2017.04.01"]
[Round "1.1"]
[White "Savenkov,K"]
[Black "Gordievsky,D"]
[Result "0-1"]
[WhiteElo "2324"]
[BlackElo "2596"]

1.e4 c5 2.Nf3 e6 3.d4 cxd4 4.Nxd4 a6 5.Bd3 Nf6 6.Qe2 d6 7.c4 g6 8.Nc3 Bg7
9.O-O O-O 10.Be3 b6 11.Rfd1 Bb7 12.f3 Nbd7 13.Qf2 Qe7 14.Bf1 Rab8 15.Rac1 Nh5
16.Na4 Ba8 17.b4 f5 18.exf5 gxf5 19.c5 f4 20.Bd2 bxc5 21.bxc5 dxc5 22.Ne2 Rf5
23.Bc3 Nhf6 24.Ba1 Kh8 25.Rc4 Nd5 26.Bxg7+ Qxg7 27.Nxc5 Nxc5 28.Qxc5 Ne3
29.Qd6 Rg8 30.Rc7 Qxg2+ 31.Bxg2 Rxg2+ 32.Kh1 Bxf3 33.Nd4 Be4 34.Qxe6 Rd2+ {#R}
0-1

[Event "ch-Moscow Final 2017"]
[Site "masterchessopen.com Moscow RUS"]
[Date "2017.04.01"]
[Round "1.6"]
[White "Sarana,A"]
[Black "Gluhovsky,Mark"]
[Result "1-0"]
[WhiteElo "2464"]
[BlackElo "2262"]

1.d4 Nf6 2.Nf3 g6 3.c4 Bg7 4.g3 d6 5.Bg2 O-O 6.O-O c6 7.Nc3 Qa5 8.e4 Qh5 9.Ng5
Qxd1 10.Rxd1 e5 11.d5 cxd5 12.cxd5 Bd7 13.Nf3 Na6 14.Ne1 Rfc8 15.Nd3 Ne8
16.Be3 f5 17.f3 Nf6 18.h3 h5 19.a4 b6 20.Nb5 Bf8 21.f4 fxe4 22.fxe5 dxe5
23.Nxe5 Bf5 24.d6 Nc5 25.a5 Rd8 26.Nc6 Nb3 27.Ra4 Nxa5 28.Nxd8 Rxd8 29.Nxa7
Rxd6 30.Rxd6 Bxd6 31.Bxb6 Nb3 32.Bf2 Nc1 33.Bf1 Nd3 34.Nb5 Be7 35.Bd4 Nd5
36.Ra7 Kf8 37.Nc3 N5b4 38.Bxd3 exd3 39.Rxe7 Nc6 40.Re4 Bxe4 41.Bc5+ {#r} 1-0

[Event "ch-Moscow Final 2017"]
[Site "masterchessopen.com Moscow RUS"]
[Date "2017.04.01"]
[Round "1.12"]
[White "Geivondian,Arman"]
[Black "Kornilovich,D"]
[Result "1-0"]
[WhiteElo "2388"]
[BlackElo "2202"]

1.d4 Nf6 2.Nf3 g6 3.Bg5 Bg7 4.c3 O-O 5.Nbd2 h6 6.Bh4 d6 7.e4 c5 8.dxc5 dxc5
9.Bc4 Nc6 10.O-O g5 11.Bg3 Nh5 12.Qe2 Nxg3 13.hxg3 Bg4 14.Bd5 Qb6 15.Nc4 Qa6
16.Rfe1 Rac8 17.Ne3 Qxe2 18.Rxe2 Bxf3 19.gxf3 Rfd8 20.Rd1 e6 21.Bxc6 Rxd1+
22.Nxd1 Rxc6 23.Rd2 Be5 24.Rd8+ Kh7 25.Ne3 Rc7 26.Nc4 Bf6 27.Rb8 Rd7 28.Kg2 h5
29.a4 b6 30.a5 bxa5 31.Rb5 Rc7 32.Rxa5 Be7 33.Rb5 Kg7 34.e5 f6 35.exf6+ Kxf6
36.b3 Kf5 37.Nd2 Ke5 38.Ne4 h4 39.Kh3 Kf5 40.Kg2 g4 41.gxh4 Kf4 42.Ng3 gxf3+
43.Kh3 Rd7 44.Ra5 e5 45.Ra4+ Rd4 46.cxd4 exd4 47.Rxa7 {#r} 1-0

[Event "ch-Moscow Final 2017"]
[Site "masterchessopen.com Moscow RUS"]
[Date "2017.04.01"]
[Round "1.16"]
[White "Apryshko,G"]
[Black "Kurdakov,Y"]
[Result "1-0"]
[WhiteElo "2334"]
[BlackElo "2152"]

1.e4 e6 2.Qe2 Be7 3.b3 e5 4.Bb2 Bf6 5.f4 d6 6.f5 g6 7.Nc3 Nc6 8.Nd5 gxf5
9.exf5 Bxf5 10.d4 Bg7 11.O-O-O Qg5+ 12.Kb1 O-O-O 13.Nf3 Qh5 14.dxe5 dxe5
15.Qf2 Nd4 16.Ne3 Be4 17.Nxd4 exd4 18.Be2 Qg5 19.h4 Qe7 20.Nc4 f5 21.Rhe1 Qc5
22.Qg3 Bf6 23.Bd3 Bxd3 24.cxd3 Qf8 25.Rc1 Ne7 26.Nb6+ {#r} 1-0

[Event "ch-Moscow Women 2017"]
[Site "masterchessopen.com Moscow RUS"]
[Date "2017.04.01"]
[Round "1.3"]
[White "Zaitseva,Lyudmila"]
[Black "Dimitrova,Aleksandra"]
[Result "0-1"]
[WhiteElo "1953"]
[BlackElo "2246"]

1.d4 Nf6 2.Nf3 e6 3.Bf4 d5 4.e3 Bd6 5.Bd3 O-O 6.Nbd2 c5 7.c3 Nc6 8.Bg3 b6
9.Ne5 Bb7 10.f4 Ne7 11.Qf3 Nf5 12.Bf2 Be7 13.O-O-O Nd6 14.g4 Nfe4 15.g5 c4
16.Bxe4 dxe4 17.Qg4 Bd5 18.h4 b5 19.h5 Nf5 20.g6 fxg6 21.Rdg1 b4 22.h6 bxc3
23.bxc3 Qa5 24.hxg7 Qxc3+ 25.Kd1 Rf6 26.Qh3 h6 27.Ng4 Bb4 28.Nxf6+ Kxg7
29.Nh5+ Kf7 30.Be1 Nxe3+ 31.Ke2 Qd3+ 32.Kf2 Nd1+ 33.Kg2 Qe2+ 34.Kg3 Ne3 35.Rg2
Qxg2+ 36.Qxg2 Nxg2 37.Kxg2 Bxd2 {#R} 0-1

[Event "ch-Moscow Women 2017"]
[Site "masterchessopen.com Moscow RUS"]
[Date "2017.04.01"]
[Round "1.4"]
[White "Gvanceladze,An"]
[Black "Afanasieva,Alexandra"]
[Result "1-0"]
[WhiteElo "2238"]
[BlackElo "1950"]

1.e4 c6 2.d4 d5 3.Nd2 dxe4 4.Nxe4 Bf5 5.Ng3 Bg6 6.h4 h6 7.Nf3 Nd7 8.h5 Bh7
9.Bd3 Bxd3 10.Qxd3 e6 11.Bd2 Ngf6 12.O-O-O Be7 13.Kb1 O-O 14.Ne4 Nxe4 15.Qxe4
Nf6 16.Qe2 Qd5 17.Be3 Rfd8 18.Ne5 c5 19.f3 cxd4 20.Bxd4 Qa5 21.Rhe1 Qc7 22.g4
Rac8 23.c4 Bc5 24.Bc3 Rxd1+ 25.Rxd1 Rd8 26.Rxd8+ Qxd8 27.Kc2 Qe7 28.Nd3 Bd6
29.Qe3 b6 30.a4 Nd7 31.a5 Nc5 32.Nxc5 Bxc5 33.Qe5 f6 34.Qb8+ Kf7 35.a6 Bd6
36.Qa8 e5 37.Kb3 Qc7 38.Bd2 Be7 39.Qd5+ Kf8 40.Bb4 Bxb4 41.Kxb4 Qe7+ 42.c5 Ke8
43.Qa8+ Kf7 44.Qb7 bxc5+ 45.Kc4 Ke8 46.Qxe7+ Kxe7 47.Kxc5 Kd7 48.Kd5 {#r} 1-0

[Event "ch-Moscow Women 2017"]
[Site "masterchessopen.com Moscow RUS"]
[Date "2017.04.01"]
[Round "1.5"]
[White "Sayafarova,Anna"]
[Black "Zherebtsova,A"]
[Result "0-1"]
[WhiteElo "1902"]
[BlackElo "2222"]

1.e4 e5 2.Nf3 Nc6 3.Nc3 Nf6 4.d4 exd4 5.Nxd4 Bb4 6.Nxc6 bxc6 7.Bd3 d5 8.exd5
cxd5 9.O-O O-O 10.Bg5 c6 11.h3 h6 12.Bh4 Rb8 13.Rb1 Re8 14.Qf3 Be7 15.Bg3 Bd6
16.Ne2 Ne4 17.Bxd6 Qxd6 18.Bxe4 Rxe4 19.Qg3 Qxg3 20.Nxg3 Ra4 21.a3 Be6 22.c3
h5 23.h4 Rxh4 24.f4 Rg4 25.Rf3 h4 26.Nf1 Bf5 27.Re1 Be4 28.Rf2 f5 29.Re3 c5
30.b4 d4 31.cxd4 cxd4 32.Ree2 h3 33.g3 Rc8 34.Re1 Rc3 35.Rd2 Rxa3 36.Rxd4 Ra2
37.Rd2 Rxd2 38.Nxd2 Rxg3+ 39.Kf2 Rg2+ 40.Ke3 Rxd2 41.Kxd2 h2 {#R} 0-1

[Event "ch-Moscow Women 2017"]
[Site "masterchessopen.com Moscow RUS"]
[Date "2017.04.01"]
[Round "1.7"]
[White "Yurovskikh,Yasmin"]
[Black "Drozdova,D"]
[Result "0-1"]
[WhiteElo "1880"]
[BlackElo "2196"]

1.e4 d6 2.d4 Nf6 3.Nc3 e5 4.Nf3 Nbd7 5.Bc4 Be7 6.O-O O-O 7.h3 c6 8.a4 a5 9.Re1
h6 10.Bb3 Re8 11.Be3 Qc7 12.Qe2 Nf8 13.Rad1 Be6 14.d5 Bd7 15.dxc6 bxc6 16.Nd2
Rab8 17.Qd3 Red8 18.Nc4 Ne6 19.f3 Bc8 20.Bf2 Ba6 21.Qe3 Nd4 22.Ne2 Bxc4
23.Bxc4 Nxc2 24.Qd2 Nxe1 25.Rxe1 d5 26.exd5 Bb4 {#R} 0-1

[Event "ch-Moscow Women 2017"]
[Site "masterchessopen.com Moscow RUS"]
[Date "2017.04.01"]
[Round "1.10"]
[White "Utiatskaja,Irina"]
[Black "Kirchei,Viktoriia"]
[Result "1-0"]
[WhiteElo "2152"]
[BlackElo "1814"]

1.e4 Nf6 2.e5 Nd5 3.c4 Nb6 4.d4 d6 5.exd6 cxd6 6.Nc3 g6 7.Be3 Bg7 8.Rc1 Bf5
9.Be2 h6 10.Qd2 d5 11.cxd5 Nxd5 12.Nxd5 Qxd5 13.Bf3 Qd7 14.h3 h5 15.Ne2 Nc6
16.O-O Rd8 17.Rfd1 O-O 18.Bh6 f6 19.Be3 h4 20.Nc3 e5 21.d5 Qe7 22.Qe2 e4
23.dxc6 exf3 24.Qxf3 bxc6 25.Qxc6 Rc8 26.Qa4 Rf7 27.Qxh4 g5 28.Qg3 Qb7 29.Rd2
Rfc7 30.Rcd1 Kf7 31.h4 g4 32.Qf4 Be6 33.Ne4 {#r} 1-0

[Event "ch-Moscow Women 2017"]
[Site "masterchessopen.com Moscow RUS"]
[Date "2017.04.01"]
[Round "1.11"]
[White "Kruglikova,Viktorija"]
[Black "Alieva,A"]
[Result "0-1"]
[WhiteElo "1796"]
[BlackElo "2138"]

1.Nf3 Nf6 2.b3 g6 3.Bb2 Bg7 4.g3 O-O 5.Bg2 d5 6.O-O b6 7.c4 e6 8.d3 Bb7 9.Qc2
Nbd7 10.Nbd2 Re8 11.Ne5 c5 12.Ndf3 d4 13.Nxd7 Nxd7 14.b4 e5 15.b5 f5 16.a4 a5
17.Rad1 e4 18.Nd2 Qe7 19.Rde1 Rad8 20.e3 exd3 21.Qxd3 Ne5 22.Qc2 Bxg2 23.Kxg2
Qb7+ 24.e4 fxe4 25.Nxe4 d3 26.Qb3 d2 27.Re2 Nd3 {#R} 0-1

[Event "Karpos Open 2017"]
[Site "masterchessopen.com Skopje MKD"]
[Date "2017.04.01"]
[Round "1.1"]
[White "Minbayev,Bolatbek"]
[Black "Artemiev,V"]
[Result "0-1"]
[WhiteElo "2046"]
[BlackElo "2677"]

1.e4 c5 2.Nf3 d6 3.Bb5+ Nd7 4.d4 cxd4 5.Qxd4 a6 6.Bxd7+ Bxd7 7.c4 Nf6 8.Nc3 g6
9.O-O Bg7 10.h3 Rc8 11.Be3 O-O 12.Qd3 Qc7 13.Nd2 Be6 14.Nd5 Nxd5 15.cxd5 Bd7
16.Rfc1 Qxc1+ 17.Rxc1 Rxc1+ 18.Kh2 Rfc8 19.Nf3 Bb5 20.Qb3 R1c4 21.e5 dxe5
22.Nd2 R4c7 23.a4 Bd7 24.Ne4 Bf5 25.Nc3 Bd3 26.a5 e4 27.Bf4 Rd7 28.Qa4 Rcd8
29.Nxe4 Rxd5 30.Be3 Be5+ 31.g3 Bb5 32.Qb4 R5d7 33.Nc5 Rd1 {#R} 0-1

[Event "Karpos Open 2017"]
[Site "masterchessopen.com Skopje MKD"]
[Date "2017.04.01"]
[Round "1.2"]
[White "Savchenko,B"]
[Black "Stosevski,I"]
[Result "1-0"]
[WhiteElo "2636"]
[BlackElo "2046"]

1.e4 g6 2.d4 Bg7 3.Nc3 d6 4.Be3 Nf6 5.h3 c6 6.g4 a5 7.Bg2 a4 8.f4 Qa5 9.Qd2
Na6 10.Nge2 Nc7 11.O-O e6 12.e5 dxe5 13.fxe5 Nfd5 14.Ne4 O-O 15.Qxa5 Rxa5
16.Bd2 Ra8 17.c4 Nb6 18.Rac1 Na6 19.Nf6+ Bxf6 20.exf6 c5 21.Be3 Nd7 22.Rcd1
Re8 23.Nc3 cxd4 24.Rxd4 Nb4 25.Rd6 a3 26.b3 Ra6 27.Rxa6 bxa6 28.Bc1 Nc5
29.Bxa3 a5 30.Rd1 h5 31.g5 Bb7 32.Bxb7 Nxb7 33.Bxb4 axb4 34.Ne4 Ra8 35.Rd7 Na5
36.Nd6 Rf8 37.Rc7 e5 38.Kf2 e4 39.Ke3 Rd8 40.c5 Rb8 41.Nxf7 {#r} 1-0

[Event "Karpos Open 2017"]
[Site "masterchessopen.com Skopje MKD"]
[Date "2017.04.01"]
[Round "1.3"]
[White "Bejatovic,B"]
[Black "Georgiev,Ki"]
[Result "0-1"]
[WhiteElo "2039"]
[BlackElo "2633"]

1.d4 Nf6 2.Nf3 e6 3.Bg5 h6 4.Bxf6 Qxf6 5.Nbd2 d6 6.e4 Nd7 7.Bd3 g5 8.h3 h5
9.Nc4 g4 10.e5 Qg7 11.hxg4 hxg4 12.Rxh8 Qxh8 13.Nfd2 dxe5 14.Qxg4 exd4
15.O-O-O Nc5 16.Nf3 Bd7 17.Qxd4 Bh6+ 18.Kb1 Qxd4 19.Nxd4 Bg7 20.Nf3 Nxd3
21.Rxd3 Bb5 22.Nfd2 Ke7 23.c3 Rh8 24.Kc2 f5 25.Kb3 Rh4 26.a4 Bc6 27.g3 Rh2
28.f3 b6 29.Ka3 Rh1 30.Kb4 Ra1 31.Na3 Be5 32.Nb3 a5+ 33.Kc4 Bd5+ 34.Rxd5 exd5+
35.Kxd5 Re1 36.f4 Bf6 37.Nb5 Kd7 38.N5d4 Rb1 39.Nxf5 Rxb2 40.Nbd4 b5 41.Ne3
bxa4 42.Nc4 Rg2 43.Ne5+ Bxe5 44.fxe5 a3 45.e6+ Ke8 46.Nb5 a2 {#R} 0-1

[Event "Karpos Open 2017"]
[Site "masterchessopen.com Skopje MKD"]
[Date "2017.04.01"]
[Round "1.5"]
[White "Rode,A"]
[Black "Demchenko,A"]
[Result "0-1"]
[WhiteElo "2020"]
[BlackElo "2628"]

1.e4 c5 2.Nf3 d6 3.Bb5+ Nd7 4.O-O Nf6 5.Re1 a6 6.Bd3 g6 7.c3 Bg7 8.Bc2 O-O
9.d4 cxd4 10.cxd4 b5 11.e5 dxe5 12.dxe5 Ng4 13.e6 fxe6 14.h3 Nge5 15.Ng5 Nc5
16.Qxd8 Rxd8 17.Nc3 h6 18.Nge4 Ncd3 19.Rd1 Bb7 20.f4 Nb4 21.Rxd8+ Rxd8 22.Bb3
Ned3 23.Bxe6+ Kh7 24.f5 Nc2 25.fxg6+ Kxg6 26.Rb1 b4 27.Ng3 bxc3 {#R} 0-1

[Event "Karpos Open 2017"]
[Site "masterchessopen.com Skopje MKD"]
[Date "2017.04.01"]
[Round "1.6"]
[White "Hovhannisyan,R"]
[Black "Hadzi Manev,L"]
[Result "1-0"]
[WhiteElo "2619"]
[BlackElo "2019"]

1.e4 c6 2.d4 d5 3.e5 Bf5 4.Be2 e6 5.Nf3 Bg6 6.O-O Nd7 7.c3 Ne7 8.Nh4 c5 9.Nd2
Qb6 10.Nxg6 hxg6 11.Nf3 Nf5 12.a4 Be7 13.a5 Qc7 14.a6 b6 15.Bb5 O-O-O 16.Re1
f6 17.g3 Nf8 18.h4 g5 19.hxg5 fxg5 20.Nxg5 Bxg5 21.Bxg5 Ng6 22.Bxd8 Qxd8
23.Qg4 Rh6 24.Bd3 Nge7 25.Bxf5 Nxf5 26.Kg2 c4 27.Rh1 Qe7 28.Rxh6 Nxh6 29.Qg6
Kc7 30.Rh1 {#r} 1-0

[Event "Karpos Open 2017"]
[Site "masterchessopen.com Skopje MKD"]
[Date "2017.04.01"]
[Round "1.8"]
[White "Ter Sahakyan,S"]
[Black "Krstev,E"]
[Result "1-0"]
[WhiteElo "2581"]
[BlackElo "2009"]

1.e4 e6 2.d4 d5 3.Nc3 Nf6 4.e5 Nfd7 5.f4 c5 6.Nf3 Nc6 7.Be3 Qb6 8.Na4 Qa5+
9.c3 cxd4 10.b4 Nxb4 11.cxb4 Bxb4+ 12.Bd2 Bxd2+ 13.Nxd2 b6 14.Bd3 Nc5 15.Nxc5
bxc5 16.O-O O-O 17.Qc2 c4 18.Bxh7+ Kh8 19.Rf3 d3 20.Qd1 Kxh7 21.Rh3+ Kg8
22.Qh5 f6 23.Qh7+ Kf7 24.exf6 Qc5+ 25.Kh1 Kxf6 26.Nf3 Qf2 27.Rg3 Qxg3 28.hxg3
Ba6 29.Qh4+ Kf7 30.Ng5+ Ke7 31.Nh7+ Kd6 32.Nxf8 c3 33.Ng6 c2 34.Qe7+ Kc6
35.Ne5+ Kb6 36.Qd6+ Ka5 37.Nc6+ Kb5 38.a4+ Kb6 39.a5+ Kb5 40.Nd4+ Kc4 41.Ra4+
{#r} 1-0

[Event "Karpos Open 2017"]
[Site "masterchessopen.com Skopje MKD"]
[Date "2017.04.01"]
[Round "1.9"]
[White "Minko,Dmitry"]
[Black "Kovchan,A"]
[Result "0-1"]
[WhiteElo "1967"]
[BlackElo "2577"]

1.e4 c5 2.Nf3 d6 3.d4 cxd4 4.Nxd4 Nf6 5.Nc3 a6 6.Be3 e5 7.Nb3 Be6 8.f3 h5
9.Qd2 Nbd7 10.O-O-O Rc8 11.Kb1 Be7 12.h4 Qc7 13.g3 b5 14.Nc1 Nb6 15.Qf2 Nc4
16.Bxc4 Qxc4 17.Rh2 b4 18.Na4 Qb5 19.b3 O-O 20.Bg5 Rfd8 21.Nb6 Rc5 22.Na4 Rc6
23.Qe2 Qb7 24.Qe1 Rdc8 25.Rhd2 Qc7 26.Qe2 d5 27.exd5 Bxd5 28.Re1 e4 29.Bf4 Bd6
30.Bxd6 Rxd6 31.fxe4 Bxe4 32.Nd3 Bxd3 33.Rxd3 Re6 34.Re3 Rxe3 35.Qxe3 Qxc2+
36.Ka1 Re8 37.Qg1 Rxe1+ 38.Qxe1 Ne4 39.Qe3 Nc3 40.Nxc3 bxc3 {#R} 0-1